| 000 | 00732nam a2200289Ia 4500 | ||
|---|---|---|---|
| 005 | 20260324123759.0 | ||
| 008 | 008 260324s9999 xx 000 0 eng d | ||
| 020 | _a9781315064062 | ||
| 037 | _aEBOOK | ||
| 040 | _aCRL | ||
| 040 | _beng | ||
| 040 | _cCRL | ||
| 041 | _2eng | ||
| 041 | _aeng | ||
| 084 | _qCRL | ||
| 100 |
_aSam H. Schurr; Joel Darmstadter; Harry Perry; William C. Ramsay; Milton Russell _91171623 |
||
| 245 | 0 | _aEnergy in America's Future | |
| 245 | 4 | _bThe Choices Before Us | |
| 260 | _bTaylor and Francis | ||
| 260 | _c2011 | ||
| 365 | _a | ||
| 365 | _b170 | ||
| 856 | _uhttp://www.taylorfrancis.com/books/9781315064062 | ||
| 942 | _cEBOOK | ||
| 999 |
_c1765439 _d1765439 |
||